In-service training : five Asian experiences /

Bibliographic Details
Main Author: Salomé, Bernard
Corporate Author: Organisation for Economic Co-operation and Development. Development Centre
Other Authors: Charmes, Jacques
Format: Book
Language:English
Published: Paris : Development Centre of the Organisation for Economic Co-operation and Development ; 1988.
Series:Development Centre studies.
Subjects:

MARC

Tag First Indicator Second Indicator Subfields
LEADER 00000cam a2200000 a 4500
001 in00000036136
005 20151007055356.0
008 880627s1988 fr a b i00010 eng d
020 |a 9264130772 (pbk.) 
035 |a (OCoLC)18137779 
035 |9 AAB8073AM 
040 |a TXA  |c TXA  |d TOL  |d TXA  |d UtOrBLW 
049 |a TXAM  |c [A10990898] 
050 4 |a HF5549.5.T7  |b S24 1988 
100 1 |a Salomé, Bernard. 
245 1 0 |a In-service training :  |b five Asian experiences /  |c by Bernard Salomé and Jacques Charmes. 
264 1 |a Paris :  |b Development Centre of the Organisation for Economic Co-operation and Development ;  |c 1988. 
264 2 |a [Washington, D.C.] :  |b [OECD Publications and Information Centre, distributor], 
300 |a 78 pages :  |b illustrations ;  |c 23 cm. 
336 |a text  |b txt  |2 rdacontent 
337 |a unmediated  |b n  |2 rdamedia 
338 |a volume  |b nc  |2 rdacarrier 
490 1 |a Development Centre studies 
500 |a Published in French under the title: La formation en cours d'emploi : cinq expériences asiatiques. 
504 |a Bibliography: page 78. 
650 0 |a Employees  |x Training of  |z Asia. 
700 1 |a Charmes, Jacques. 
710 2 |a Organisation for Economic Co-operation and Development.  |b Development Centre. 
830 0 |a Development Centre studies. 
999 |a MARS 
999 f f |s d01627ff-d997-315f-950e-85ab3593fe33  |i a892fbc8-7d44-328f-8ec6-88ecc39c3bed  |t 0 
952 f f |p ric  |a Texas A&M University  |b Rellis Campus  |c Joint Library Facility  |d Remote Storage  |t 0  |e HF5549.5.T7 S24 1988  |h Library of Congress classification  |i unmediated -- volume  |m A14810990898 
998 f f |a HF5549.5.T7 S24 1988  |t 0  |l Remote Storage